| 000 | 00659nam a2200253Ia 4500 | ||
|---|---|---|---|
| 001 | 20203 | ||
| 005 | 20240114000506.0 | ||
| 007 | ta | ||
| 008 | 060220s 196 a g b000 u 465 u | ||
| 020 | _cHB | ||
| 040 | _aCotton College,Assam | ||
| 041 | _a465 | ||
| 082 |
_a821.3809 _bC 387 W |
||
| 100 | _aChase, Richard . | ||
| 245 | 0 |
_aWalt Whitman / _cRichard Chase. _hTextual Documents |
|
| 250 | _a1st ed. / | ||
| 260 |
_aMinneapolis : _bUniversity of Minnesota , _cC 1961. |
||
| 300 |
_a48p. : _bill ; _c22cm . |
||
| 653 | _aEnglish poetry-Criticism | ||
| 653 | _aG-English | ||
| 942 |
_2ddc _cBK |
||
| 999 |
_c20185 _d20185 |
||